| 000 | 00604nam a2200169Ia 4500 | ||
|---|---|---|---|
| 008 | 090201s9999 xx 000 0 und d | ||
| 010 | _aKPL-23346 | ||
| 040 | _bमराठी | ||
| 041 | _aमराठी | ||
| 082 |
_a39832 _b23346 |
||
| 100 | _aमधुकर तोरडमल | ||
| 245 |
_aतरुण तुर्क म्हतारे अर्क _cमधुकर तोरडमल |
||
| 260 |
_c2004 _bमॅजेस्टिक प्रकाशन |
||
| 300 |
_a95 _bमोठा |
||
| 600 | _aतरुण तुर्क म्हतारे अर्क | ||
| 942 | _cBOOK | ||
| 999 |
_c237119 _d237119 |
||